|
|
|
|
| LEADER |
00000nam0a2200000 4500 |
| 001 |
306561 |
| 005 |
20231102001915.0 |
| 035 |
|
|
|a (RuTPU)RU\TPU\book\331838
|
| 090 |
|
|
|a 306561
|
| 100 |
|
|
|a 20151008d1978 m y0rusy50 ca
|
| 101 |
0 |
|
|a rus
|
| 102 |
|
|
|a RU
|
| 105 |
|
|
|a a j 001zy
|
| 200 |
1 |
|
|a Радиотехнические измерения
|e учебное пособие для вузов
|f Б. В. Дворяшин, Л. И. Кузнецов
|
| 210 |
|
|
|a Москва
|c Советское радио
|d 1978
|
| 215 |
|
|
|a 360 с.
|c ил.
|
| 320 |
|
|
|a Библиогр.: с. 350-351
|
| 320 |
|
|
|a Предм. указ.: с. 352-355
|
| 606 |
1 |
|
|a Радиотехнические измерения
|2 stltpush
|3 (RuTPU)RU\TPU\subj\23222
|9 47854
|
| 610 |
1 |
|
|a учебные пособия
|
| 610 |
1 |
|
|a погрешности
|
| 610 |
1 |
|
|a уменьшение
|
| 610 |
1 |
|
|a аналоговые приборы
|
| 610 |
1 |
|
|a выходные преобразователи
|
| 610 |
1 |
|
|a колебания
|
| 610 |
1 |
|
|a воспроизведение
|
| 610 |
1 |
|
|a спектральный анализ
|
| 610 |
1 |
|
|a частота
|
| 610 |
1 |
|
|a ток
|
| 610 |
1 |
|
|a напряжение
|
| 610 |
1 |
|
|a мощность
|
| 610 |
1 |
|
|a случайные процессы
|
| 610 |
1 |
|
|a цепи с распределенными параметрами
|
| 610 |
1 |
|
|a цепи с распределенными параметрами
|
| 610 |
1 |
|
|a измерения
|
| 675 |
|
|
|a 621.396.08
|v 3
|
| 700 |
|
1 |
|a Дворяшин
|b Б. В.
|g Борис Владимирович
|
| 701 |
|
1 |
|a Кузнецов
|b Л. И.
|g Леонид Иванович
|
| 801 |
|
1 |
|a RU
|b 63413507
|c 20151008
|
| 801 |
|
2 |
|a RU
|b 63413507
|c 20200305
|g RCR
|
| 942 |
|
|
|c BK
|